000 00378nam a22001451a 4500
082 _aM3 JOH KAN
_bN99
100 _aJohn Chempil
245 _aKanum Kanathirikkilla/
_cby John Chempil
260 _aKottayam:
_bJanapriya Pusthakaprasadhanasala,.
_c1999.
300 _a192p.
650 _aNovel Malayalam
650 _aLiterature Malayalam
650 _aLiterature
942 _cBK
999 _c22840
_d22840